Analyzing requirements and defining .NET solutions architectures

Αποθηκεύτηκε σε:
Λεπτομέρειες βιβλιογραφικής εγγραφής
Άλλοι συγγραφείς: Cornish, Randy, Tittel, Ed (Επιμελητής έκδοσης)
Μορφή: Βιβλίο
Γλώσσα:English
Δημοσίευση: [Indianapolis, Ind.] : Que, 2003.
Σειρά:Exam cram 2
Θέματα:
Ετικέτες: Προσθήκη ετικέτας
Δεν υπάρχουν, Καταχωρήστε ετικέτα πρώτοι!

MARC

LEADER 00000cam a2200000 i 4500
001 1/70406
008 050126s2003 inu| ||| |||| ||eng||
020 |a 0789729296 
035 |l 10076215 
040 |a GR-MyUa  |b gre  |e AACR2 
041 0 |a eng 
082 7 |a 005.2768   |2 (21) 
245 0 0 |a Analyzing requirements and defining .NET solutions architectures /   |c Randy Cornish ... [κ.α.] ; edited by Ed Tittel.  
260 |a [Indianapolis, Ind.] :   |b Que,   |c 2003.  
300 |a xxxiii, 471 σ. :   |b εικ. ;   |c 23 εκ. +   |e 1 οπτική δισκέτα λέιζερ H/Y (4 3/4 ίν.) 
490 1 |a (Exam cram 2) 
500 |a Περιλαμβάνει ευρετήριο. 
630 0 0 |a Microsoft .NET Framework  |x Examinations   |x Study guides. 
650 0 |a Electronic data processing personnel  |x Certification. 
650 0 |a Microsoft software  |x Examinations  |x Study guides. 
650 0 |a Computer architecture  |x Examinations  |x Study guides. 
700 1 |a Cornish, Randy. 
700 1 |a Tittel, Ed,  |e edt 
830 0 |a Exam cram 2 
852 |a INST  |b CHIOS  |e 20050126  |h 005.2768 ANA  |p 005200022598  |q 005200022598  |t BK  |y 0 
852 |a INST  |b CHIOS  |e 20050126  |h 005.2768 ANA   |p 005200022425  |q 005200022425  |t BK  |y 0 
901 |a BIBL2-2005-1 
920 |a ΔΙΕΥΡΥΝΣΗ  |b ΕΠΕΑΕΚ-ΤΜΟΔ  |y Χίος  |z 2004-12 
970 |a ΣΠΕΝΤΖΑ  |b ΕΛΕΝΗ  |z 2005/01/26